000 00602nam a2200229Ia 4500
003 OSt
005 20220928101620.0
006 a|||||r|||| 00| 0
007 ta
008 220927b |||||||| |||| 00| 0 eng d
024 _a49366
037 _cTextual
040 _aSDCL
_cSDCL
_beng
041 _2eng
_aeng
082 _aO152,2M89:g, M9
100 _aTewari
_9392643
245 0 _aPrasad
_b Anubhuti ke vatayan se.
260 _aKanpur
_bSahithya Ratnalay.
_c1989
300 _a102p.
_ccm.
942 _hO152,2M89:g, M9
_cTEXL
_2CC
999 _c708366
_d708366